Normal view
MARC view
Entry Personal Name
001 - CONTROL NUMBER
- control field: 10238
003 - CONTROL NUMBER IDENTIFIER
- control field: BD-RjUL
005 - DATE AND TIME OF LATEST TRANSACTION
- control field: 20231129105010.0
008 - FIXED-LENGTH DATA ELEMENTS
- fixed length control field: 231129|| aca||aabn | a|a d
040 ## - CATALOGING SOURCE
- Original cataloging agency: BD-RjUL
- Transcribing agency: BD-RjUL
100 ## - HEADING--PERSONAL NAME
- Personal name: ইসলাম, মোঃ রফিকুল
670 ## - SOURCE DATA FOUND
- Source citation: Work cat.: (BD-RjUL)82368: ইসলাম, মোঃ রফিকুল , আধুনিক ব্যবহারিক শ্রেণিকরণ পরিচিতি /, 2023